Kabus semalam
| Main Author: | |
|---|---|
| Format: | Book |
| Published: |
Shah Alam, Selangor :
Marwilis ,
1988
|
MARC
| LEADER | 00000cam a2200000 7i4500 | ||
|---|---|---|---|
| 001 | 0000003586 | ||
| 005 | 20080126093000.0 | ||
| 020 | |a 9838310212 | ||
| 090 | 0 | 0 | |a PL5149.R2 |b K2 1988 f |
| 100 | 0 | |a Rahman Tahir , |d 1959- , |e author | |
| 245 | 1 | 0 | |a Kabus semalam |c Rahman Tahir |
| 260 | 2 | |a Shah Alam, Selangor : |b Marwilis , |c 1988 | |
| 300 | |a 128 p. ; |c 19 cm. | ||
| 999 | |a 1000058330 |b Book |c OPEN SHELF (30 DAYS) |e Gong Badak Campus | ||